The Hero Quiz - Statistics

General Stats
  • This quiz has been taken 29 times
  • The average score is 26 of 50
Answer Stats
Picture Answer % Correct
Batman
100%
Harry Potter
100%
Indiana Jones
100%
Spider-Man
100%
Superman
100%
Captain America
96%
Iron Man
96%
Luke Skywalker
96%
He-Man
89%
James Bond
89%
Marty McFly
85%
Rocky Balboa
85%
Charlie Brown
81%
Forrest Gump
81%
Sherlock Holmes
81%
Bilbo Baggins
78%
Frodo Baggins
78%
Kermit the Frog
78%
Scooby-Doo
78%
Ace Ventura
74%
James Kirk
67%
Dorothy Gale
63%
Ferris Bueller
59%
Austin Powers
56%
Jack Skellington
52%
Happy Gilmore
48%
Narrator/Tyler Durden
48%
Ethan Hunt
44%
Sarah Connor
44%
Ted Logan
41%
Bill S. Preston Esq.
37%
John McClane
37%
Peter Venkman
30%
Fletch
26%
Brian O'Connor
22%
Charles Foster Kane
22%
Andy Dufresne
19%
William Somerset
19%
David Mills
15%
Phoenix Wright
15%
Richard Kimble
15%
Ted Striker
15%
Ash Williams
11%
Daniel Kaffee
11%
Dutch
11%
Martin Bishop
11%
R.J. MacReady
11%
Dick Goodwin
7%
Jen
7%
Riff Randell
7%
No matching quizzes found
Score Distribution
Percent of People with Each Score
Percentile by Number Answered
Your Score History
You have not taken this quiz